| 000 | 00592nam a2200193 a 4500 | ||
|---|---|---|---|
| 005 | 20220811064257.0 | ||
| 008 | 040115s2002 mx r 000 0 spa d | ||
| 020 | _a8497560337 | ||
| 035 | _aUPN01000131325 | ||
| 049 | _aCG | ||
| 050 | 4 |
_aBF173 F8.5 _bG8.3 |
|
| 100 | 1 | _aGutiérrez Terrazas, José | |
| 245 | 1 | 0 |
_aCómo leer a Freud / _cJosé Gutiérrez Terrazas. |
| 260 |
_aMadrid : _bSíntesis, _c[2002]. |
||
| 300 | _a223 p. | ||
| 440 | 0 |
_aPsicoanálisis ; _v5. _pClásicos del psicoanálisis |
|
| 600 | 1 | 4 |
_aFreud, Sigmund, _d1856-1939 _xCrítica e interpretación _97006 |
| 905 | _aLibro | ||
| 999 |
_c103480 _d103480 |
||